000 00577nam a2200229Ia 4500
003 OSt
005 20220924142732.0
006 a|||||r|||| 00| 0
007 ta
008 ASM
024 _a303102
037 _cTextual
040 _aARTS
_cARTS
_bASM
041 _2ASM
_aASM
082 _aO158,3M67j, K7
100 _aSarma Hemanta Kumar Ed.
_9213958
245 0 _aRajani Bordoloi rachana mala
260 _c1967
650 _aASSAMESE LITERATURE
_911738
942 _hO158,3M67j, K7
_cTEXL
_2CC
999 _c451765
_d451765